| 000 | 00487nam a22001817a 4500 | ||
|---|---|---|---|
| 003 | OSt | ||
| 005 | 20140310181743.0 | ||
| 008 | 130423t xxu||||| |||| 00| 0 eng d | ||
| 050 |
_aHF 5548.4 _bC932 2005 |
||
| 082 |
_aFIL 005.369 _bC86 2005 |
||
| 245 |
_aSpreadsheets for windows _cCrisostomo, Conchita Camba |
||
| 260 |
_aManila : _b3K-IT Educational Services, _c2005. |
||
| 521 | _aCollege | ||
| 526 | _c1210L-1700L | ||
| 541 | _j1 | ||
| 562 | _e1 | ||
| 942 |
_2lcc _cBK-FIL |
||
| 999 |
_c2877 _d2877 |
||